00454nam a2200169Ia 450000500170000000800410001704000190005804100120007708200160008924500750010526000360018030000100021665000110022665100150023770000220025285000100027420221026145751.0131103s9999 xx 000 0 und d aLoreto College aEnglish a154.63bFRE 4aThe Interpretation of dreamscSigmund Freud; translated by A. A. Brill aNew YorkbCarlton Housec[19-?] a471p  aDreams aPsychology aBrill, A. A., tr. aLCLIB